| 000 -LEADER |
| fixed length control field |
01032pam a2200313 a 4500 |
| 001 - CONTROL NUMBER |
| control field |
016968690 |
| 003 - CONTROL NUMBER IDENTIFIER |
| control field |
UkOxU |
| 005 - DATE AND TIME OF LATEST TRANSACTION |
| control field |
20230217161419.0 |
| 008 - FIXED-LENGTH DATA ELEMENTS--GENERAL INFORMATION |
| fixed length control field |
080418s2008 enka j 000 1 eng |
| 015 ## - NATIONAL BIBLIOGRAPHY NUMBER |
| National bibliography number |
GBA864625 |
| Source |
bnb |
| 020 ## - INTERNATIONAL STANDARD BOOK NUMBER |
| International Standard Book Number |
9780141321103 (pbk.) |
| 035 ## - SYSTEM CONTROL NUMBER |
| System control number |
(Uk)014608089 |
| 040 ## - CATALOGING SOURCE |
| Original cataloging agency |
StDuBDS |
| Language of cataloging |
eng |
| Transcribing agency |
StDuBDS |
| Modifying agency |
Uk |
| -- |
KH8 |
| 042 ## - AUTHENTICATION CODE |
| Authentication code |
ukblsr |
| 082 04 - DEWEY DECIMAL CLASSIFICATION NUMBER |
| Classification number |
813.4 TWA |
| Edition number |
22 |
| 100 1# - MAIN ENTRY--PERSONAL NAME |
| Personal name |
Twain, Mark, |
| Dates associated with a name |
1835-1910. |
| Relator term |
author |
| 245 14 - TITLE STATEMENT |
| Title |
The adventures of Tom Sawyer / |
| Statement of responsibility, etc. |
Mark Twain ; introduced by Richard Peck ; illustrations by Neil Reed. |
| 250 ## - EDITION STATEMENT |
| Edition statement |
[New ed.] |
| 260 ## - PUBLICATION, DISTRIBUTION, ETC. |
| Place of publication, distribution, etc. |
London : |
| Name of publisher, distributor, etc. |
Puffin, |
| Date of publication, distribution, etc. |
2008. |
| 300 ## - PHYSICAL DESCRIPTION |
| Extent |
vi, 320 p. : |
| Other physical details |
ill. ; |
| Dimensions |
18 cm. |
| 490 1# - SERIES STATEMENT |
| Series statement |
Puffin classics |
| 500 ## - GENERAL NOTE |
| General note |
First published in Puffin books: 1950. |
| 600 10 - SUBJECT ADDED ENTRY--PERSONAL NAME |
| Personal name |
Sawyer, Tom |
| Titles and other words associated with a name |
(Fictitious character) |
| Form subdivision |
Juvenile fiction. |
| 650 #0 - SUBJECT ADDED ENTRY--TOPICAL TERM |
| Topical term or geographic name entry element |
Boys |
| Geographic subdivision |
Missouri |
| Form subdivision |
Juvenile fiction. |
| 651 #0 - SUBJECT ADDED ENTRY--GEOGRAPHIC NAME |
| Geographic name |
Mississippi |
| General subdivision |
Social life and customs |
| Form subdivision |
Juvenile fiction. |
| 700 1# - ADDED ENTRY--PERSONAL NAME |
| Personal name |
Reed, Neil. |
| Relator term |
illustrator |
| 830 #0 - SERIES ADDED ENTRY--UNIFORM TITLE |
| Uniform title |
Puffin classics. |
| 942 ## - ADDED ENTRY ELEMENTS (KOHA) |
| Source of classification or shelving scheme |
|
| Koha item type |
Books - Non Ficton |